| 000 | 00525nam a22001697a 4500 | ||
|---|---|---|---|
| 999 |
_c18690 _d18690 |
||
| 008 | 210114b xxu||||| |||| 00| 0 eng d | ||
| 020 | _a9966046079 | ||
| 050 |
_aKSK3755 _b.M85 2015 c.1 |
||
| 100 | _aMuigua, Kariuki | ||
| 245 |
_aAlternative Dispute Resolution and Access to Justice in Kenya _cKariuki Muigua |
||
| 260 |
_aNairobi _bGlenwood Publishers _c2015 |
||
| 300 | _axvi, 241p. | ||
| 650 | _aDispute resolution | ||
| 650 |
_aConflict Management _zKenya |
||
| 650 |
_aDue process of law _zKenya |
||
| 942 |
_2lcc _cBK |
||